[Event "OS INCLIVEIS"]
[Site "http://www.queenalice.com/game.php?id=1409237"]
[Date "2016.2.14"]
[Round "-"]
[White "adelio"]
[Black "hdlp"]
[Result "1/2-1/2"]
[WhiteElo "1765"]
[BlackElo "1708"]

1. d4 e6 2. c4 d5 3. e3 Nf6 4. Be2 dxc4 5. Nc3 Bb4 6. Kf1 Nc6 7. h4 h5 8. Nf3
Ng4 9. Ng5 b5 10. Nxf7 Kxf7 11. Bd2 Qf6 12. Bxg4 hxg4 13. a3 g3 14. Ne4 Qf5 15.
Nxg3 Qd3+ 16. Kg1 Bxd2 17. Qf3+ Ke7 18. Qxc6 Bd7 19. Qc5+ Kf6 20. Qg5+ Kf7 21.
Qf4+ Ke7 22. Qg5+ Kf7 23. Qf4+ Ke7 24. Qg5+ Kf7 1/2-1/2

[Event "Let's Play Chess!"]
[Site "http://www.queenalice.com/game.php?id=1411880"]
[Date "2016.3.3"]
[Round "-"]
[White "hdlp"]
[Black "paolop69"]
[Result "0-1"]
[WhiteElo "1726"]
[BlackElo "1714"]

1. e4 e5 2. Nf3 d6 3. d4 Nd7 4. Bb5 c6 5. Bc4 h6 6. dxe5 dxe5 7. Nc3 Be7 8. Be3
Nb6 9. Bb3 Qxd1+ 10. Rxd1 Bf6 11. h3 Ne7 12. a4 Be6 13. Bxe6 fxe6 14. b3 O-O 15.
O-O Rad8 16. a5 Rxd1 17. Rxd1 Nbc8 18. Bc5 b6 19. axb6 axb6 20. Bxe7 Nxe7 21.
Na4 Rb8 22. Rd6 Kf7 23. g4 Nc8 24. Rxc6 b5 25. Nc5 Ne7 26. Rxe6 Rc8 27. Nxe5+
Ke8 28. Ned3 Bd4 29. b4 Kf7 30. Rb6 Ra8 31. Rxb5 Ra1+ 32. Kg2 Ra2 33. c4 Ra3 34.
Rb6 Rxd3 35. Nxd3 Bxb6 36. c5 Bc7 37. f4 Nc6 38. Kg3 g5 39. h4 gxf4+ 40. Nxf4
Nxb4 41. Kf3 Bd8 42. h5 Be7 43. Nd5 Nxd5 44. exd5 Bxc5 45. Ke4 Kf6 46. Kf4 Bd6+
47. Ke4 Bc5 48. Kf4 Bg1 49. g5+ hxg5+ 50. Kg4 Be3 51. d6 Bc5 52. d7 Be7 53. Kf3
Ke6 54. h6 Kxd7 55. Kg4 Bf6 56. Kf5 Ke7 57. Kg4 Kf7 58. Kh5 Kg8 59. Kg6 Be7 60.
h7+ Kh8 61. Kh6 g4 62. Kh5 g3 63. Kg4 g2 0-1

[Event "Vamos jogar?"]
[Site "http://www.queenalice.com/game.php?id=1411891"]
[Date "2016.3.3"]
[Round "-"]
[White "hdlp"]
[Black "rogeriooliveira"]
[Result "1-0"]
[WhiteElo "1739"]
[BlackElo "1389"]

1. e4 e5 2. Nf3 Nc6 3. d4 exd4 4. Nxd4 Nxd4 5. Qxd4 Nf6 6. Bg5 Qe7 7. Bd3 h6 8.
Bxf6 gxf6 9. Nc3 d6 10. O-O-O Bg4 11. f3 Bd7 12. Nd5 Qd8 13. Nxf6+ 1-0

[Event "Vamos jogar?"]
[Site "http://www.queenalice.com/game.php?id=1411892"]
[Date "2016.3.3"]
[Round "-"]
[White "rogeriooliveira"]
[Black "hdlp"]
[Result "0-1"]
[WhiteElo "1387"]
[BlackElo "1741"]

1. e4 e5 2. Nf3 Nc6 3. Nc3 Bb4 4. Bb5 Qf6 5. Bxc6 dxc6 6. O-O Bd6 7. d3 h6 8. h3
Qg6 9. g3 Bxh3 10. Re1 Nf6 11. Re2 Nh5 12. Kh2 Bg4 0-1

[Event "Let's Play Chess!"]
[Site "http://www.queenalice.com/game.php?id=1412270"]
[Date "2016.3.5"]
[Round "-"]
[White "hdlp"]
[Black "marilena"]
[Result "1-0"]
[WhiteElo "1724"]
[BlackElo "1314"]

1. e4 b6 2. d4 Bb7 3. Bd3 e6 4. Nf3 c5 5. dxc5 bxc5 6. Qe2 g6 7. Bd2 h5 8. Ne5
Bd6 9. Bc3 Nf6 10. Nd2 Nc6 11. Ndf3 Bxe5 12. Nxe5 a5 13. a4 Nd4 14. Bxd4 cxd4
15. Bb5 Ke7 16. Qd3 Qb6 17. f3 d6 18. Nc4 Qc5 19. h4 Ba6 20. b3 d5 21. exd5 exd5
22. Qe2+ Kf8 23. Bxa6 dxc4 24. Bxc4 Qb4+ 25. Kf2 Qc5 26. Qd3 Re8 27. Rhe1 Kg7
28. Bb5 Rb8 29. Kg1 Nd5 30. Bc4 Nb4 31. Qd1 d3+ 32. Kh1 Nxc2 33. Qxd3 Nxe1 34.
Qc3+ Kf8 35. Qxh8+ Ke7 36. Qxb8 Qf2 37. Qe5+ Kf8 38. Qxe1 Qc5 39. Qe4 Qc8 40.
Qd5 Ke8 41. Re1+ Kf8 42. Qxf7# 1-0

[Event "Challenge"]
[Site "http://www.queenalice.com/game.php?id=1412289"]
[Date "2016.3.5"]
[Round "-"]
[White "hdlp"]
[Black "elconfesor"]
[Result "1-0"]
[WhiteElo "1747"]
[BlackElo "1595"]

1. e4 e5 2. Nf3 Nc6 3. Bb5 Nd4 4. Nxd4 exd4 5. d3 c6 6. Bc4 d6 7. Qf3 Nf6 8. e5
dxe5 9. h3 Bb4+ 10. Bd2 Bxd2+ 11. Nxd2 Be6 12. Bxe6 fxe6 13. Qg3 g6 14. Qxe5 Ke7
15. Ne4 Nxe4 16. Qxe4 Qb6 17. b3 Rae8 18. O-O g5 19. Rfe1 Kd7 20. Qe5 Qd8 21.
Qxd4+ Kc7 22. Qxa7 Qd6 23. Qa5+ Kd7 24. Qxg5 Rhg8 25. Qh4 Re7 26. Re4 Kc8 27.
Ra4 Kc7 28. Rd4 Qa3 29. b4 Rge8 30. Re4 Qb2 31. Qf4+ e5 32. Qc1 Qxc1+ 33. Rxc1
Ra8 34. Ra1 Ra3 35. g3 Kd6 36. f4 exf4 37. Rxf4 Rc3 38. Rf2 Re5 39. Kg2 Ke6 40.
a4 h5 41. h4 Rf5 42. Raf1 Rxf2+ 43. Rxf2 b6 44. Kf3 Ra3 45. Re2+ Kf5 46. a5 bxa5
47. bxa5 Rxa5 48. c4 Re5 49. Rb2 Re1 50. d4 Rf1+ 51. Ke2 Ra1 52. Rb6 Ra2+ 53.
Kf3 Ra3+ 54. Kf2 Ke4 55. Rxc6 Kxd4 56. Ke2 Rxg3 57. Rh6 Re3+ 58. Kf2 Re5 59. Kf3
Kxc4 60. Kf4 Kd5 61. Rh8 Re4+ 62. Kg5 Re5+ 63. Kf6 1-0

[Event "Challenge"]
[Site "http://www.queenalice.com/game.php?id=1412290"]
[Date "2016.3.5"]
[Round "-"]
[White "elconfesor"]
[Black "hdlp"]
[Result "0-1"]
[WhiteElo "1774"]
[BlackElo "1721"]

1. e4 e5 2. Bc4 Nf6 3. d3 d5 4. exd5 Nxd5 5. Nf3 Nc6 6. Bd2 Bg4 7. Bb5 Qd6 8.
Bxc6+ Qxc6 9. c4 Nf4 10. Bxf4 exf4 11. Nbd2 Bd6 12. h3 Bh5 13. O-O O-O-O 14. Qc2
Bxf3 15. Nxf3 f6 16. Qc3 b6 17. Nd4 Qd7 18. Nf3 Rhf8 19. b4 c6 20. c5 Be5 21.
Nxe5 fxe5 22. cxb6 axb6 23. f3 Qd5 24. Rfc1 Kb7 25. Rd1 b5 26. a4 Qd4+ 27. Qxd4
Rxd4 28. axb5 cxb5 29. Rab1 g5 30. Kf2 Kc6 31. Ke2 Kd6 32. Rdc1 Ra8 33. Ra1 Rxa1
34. Rxa1 Rxb4 35. Ra6+ Kd5 36. Rh6 Rb2+ 37. Kf1 b4 38. Rxh7 Kd4 39. Rg7 Ke3 40.
Rxg5 Rb1# 0-1

[Event "Challenge"]
[Site "http://www.queenalice.com/game.php?id=1412605"]
[Date "2016.3.8"]
[Round "-"]
[White "Marcelin07"]
[Black "hdlp"]
[Result "0-1"]
[WhiteElo "1797"]
[BlackElo "1706"]

1. e4 e5 2. d4 Qf6 3. d5 Bc5 4. Nh3 d6 5. Bg5 Qg6 6. Bd3 Bxh3 7. gxh3 Qxg5 8.
Nd2 Qg2 9. Rf1 Qxh2 10. c3 Qxh3 11. Nc4 Nf6 12. Qa4+ c6 13. Rd1 b5 14. Nxd6+
Bxd6 15. Qa5 O-O 16. dxc6 Nxc6 17. Qxb5 Rfc8 18. Bc4 Be7 19. Bd5 Rab8 20. Qa6
Rb6 21. Qc4 Nxd5 22. exd5 Na5 23. Qe4 f6 24. Rd3 Qd7 25. Rf3 Rc4 26. Qd3 Rxb2
27. d6 e4 28. Qd5+ Kf8 29. dxe7+ Qxe7 30. Qa8+ Kf7 31. Qd5+ Qe6 32. Qxe6+ Kxe6
33. Re3 Rxa2 34. f3 f5 0-1

[Event "OS INCLIVEIS"]
[Site "http://www.queenalice.com/game.php?id=1414579"]
[Date "2016.3.22"]
[Round "-"]
[White "adelio"]
[Black "hdlp"]
[Result "0-1"]
[WhiteElo "1660"]
[BlackElo "1710"]

1. d4 d6 2. c4 e5 3. dxe5 dxe5 4. Qxd8+ Kxd8 5. Nc3 Bb4 6. Bd2 Bf5 7. a3 Bc5 8.
Be3 Bxe3 9. fxe3 e4 10. Rd1+ Nd7 11. Rxd7+ Kxd7 12. h3 Nf6 13. g4 Bg6 14. Bg2 c6
15. g5 Nh5 16. Nxe4 Bxe4 17. Nf3 Ng3 18. Rg1 f6 19. Kf2 Nf5 20. Rd1+ Kc7 21. b4
fxg5 22. b5 Rhe8 23. Nxg5 Bxg2 24. Kxg2 Nxe3+ 25. Kf3 Nxd1 26. Nxh7 Re3+ 27. Kg4
cxb5 28. cxb5 Rh8 29. Ng5 Rxe2 30. Nf3 Ne3+ 31. Kg3 Nf1+ 32. Kg4 Kd6 33. a4 Ke6
34. Nd4+ Ke5 35. Nxe2 Rf8 36. h4 Rf5 37. h5 Ne3+ 38. Kh4 g5+ 39. Kh3 g4+ 40. Kh4
Rf2 41. Ng3 Kf4 42. h6 Rh2# 0-1

[Event "OS INCLIVES"]
[Site "http://www.queenalice.com/game.php?id=1414580"]
[Date "2016.3.22"]
[Round "-"]
[White "hdlp"]
[Black "adelio"]
[Result "1-0"]
[WhiteElo "1726"]
[BlackElo "1654"]

1. e4 a6 2. d4 c5 3. dxc5 e6 4. Be3 Nc6 5. a3 Be7 6. Nf3 d6 7. Nc3 Ne5 8. Nxe5
dxe5 9. Qxd8+ Bxd8 10. O-O-O Be7 11. Bc4 h6 12. g4 Bh4 13. Rd3 Ne7 14. Rhd1 Nc6
15. Na4 O-O 16. Nb6 Rb8 17. b4 Nd4 18. h3 Bg5 19. Bxg5 hxg5 20. Rg3 Rd8 21. h4
gxh4 22. Rh3 g5 23. c3 Bd7 24. cxd4 exd4 25. Rxd4 Bc6 26. Rxd8+ Rxd8 27. a4 Bxe4
28. f3 Bh7 29. a5 Kg7 30. Rh2 Rd4 31. Rd2 Rf4 32. b5 Rxf3 33. bxa6 bxa6 34. c6
Ra3 35. Kb2 Rxa5 36. c7 Rb5+ 37. Bxb5 axb5 38. c8=Q Bg6 39. Qd8 e5 40. Qxg5 e4
41. Qxh4 b4 42. g5 Kf8 43. Nd5 e3 44. Nxe3 b3 45. Rd7 Ke8 46. Ra7 f5 47. Qh8#
1-0

[Event "Challenge"]
[Site "http://www.queenalice.com/game.php?id=1416163"]
[Date "2016.4.1"]
[Round "-"]
[White "ORNELAS"]
[Black "hdlp"]
[Result "0-1"]
[WhiteElo "1496"]
[BlackElo "1749"]

1. d4 d5 2. Nf3 Nf6 3. e3 Bg4 4. Bb5+ c6 5. Bd3 e6 6. Nbd2 Bb4 7. O-O Nbd7 8. c3
Ba5 9. b4 Bc7 10. Be2 Ne4 11. Nxe4 dxe4 12. Nd2 Qh4 13. f4 exf3 14. Nxf3 Bxf3
15. Bxf3 Qxh2+ 16. Kf2 Qg3+ 17. Ke2 O-O-O 18. Bd2 Nb6 19. a4 Nc4 20. b5 cxb5 21.
axb5 Nxd2 22. Rf2 Nxf3 23. gxf3 Bb6 24. c4 e5 25. c5 Bxc5 26. Qc1 exd4 27. Qxc5+
Kd7 28. Qxd4+ Ke7 29. Qc5+ Rd6 30. Qc7+ Kf6 31. Rxa7 Qe5 32. Rxb7 Qb2+ 33. Kf1
Rd1+ 34. Kg2 Qb3 35. Rb6+ Kg5 36. Qc5+ Rd5 37. Qe7+ Kh5 38. Qe4 Rg5+ 39. Kh2 f6
40. f4 Rg4 41. Qf5+ Kh4 42. Rg2 Rxg2+ 43. Kxg2 Qxe3 44. Re6 Qg3+ 45. Kf1 Qh3+
46. Qxh3+ Kxh3 47. b6 Rb8 0-1

[Event "Challenge"]
[Site "http://www.queenalice.com/game.php?id=1416164"]
[Date "2016.4.1"]
[Round "-"]
[White "ORNELAS"]
[Black "hdlp"]
[Result "0-1"]
[WhiteElo "1502"]
[BlackElo "1743"]

1. d4 e6 2. d5 d6 3. c4 exd5 4. Qxd5 Nf6 5. Qb5+ Nc6 6. Bg5 Be7 7. Nf3 a6 8. Qa4
h6 9. Bh4 Bd7 10. Nbd2 Nd4 11. Qd1 Ng4 12. Bxe7 Qxe7 13. Nxd4 Qf6 14. N2f3 c5
15. g3 cxd4 16. Bg2 O-O 17. O-O Rac8 18. Nxd4 b5 19. b3 bxc4 20. bxc4 Rxc4 21.
Nf3 Rfc8 22. Qb3 Bf5 23. a4 a5 24. Qb5 R8c5 25. Qe8+ Kh7 26. Rad1 Rc8 27. Qb5
R8c5 28. Qb6 d5 29. Nd2 Qxb6 30. Nxc4 Qb4 31. Nd6 Be6 32. Rc1 Rxc1 33. Rxc1 Qxd6
34. e3 Qa3 35. Rf1 Qxa4 36. h3 Nf6 37. Kh2 Ne4 38. g4 f5 39. f3 Nd2 40. Rf2 Qb4
41. Kg3 Qd6+ 42. f4 Ne4+ 43. Bxe4 fxe4 44. Re2 g5 45. Rf2 gxf4+ 46. Rxf4 d4 47.
exd4 Qxd4 0-1

[Event "Let's Play Chess!"]
[Site "http://www.queenalice.com/game.php?id=1418200"]
[Date "2016.4.14"]
[Round "-"]
[White "hdlp"]
[Black "christine91"]
[Result "0-1"]
[WhiteElo "1743"]
[BlackElo "1849"]

1. e4 e5 2. Nf3 Nc6 3. d4 exd4 4. Nxd4 Nge7 5. Bg5 d6 6. Nxc6 bxc6 7. Nc3 Qd7 8.
Bc4 Ng6 9. f4 Be7 10. Ne2 O-O 11. h4 Bb7 12. h5 Nh8 13. Qd4 Bxg5 14. fxg5 d5 15.
exd5 cxd5 16. h6 f6 17. hxg7 Kxg7 18. gxf6+ Rxf6 19. Bd3 Qd6 20. Rxh7+ Kg8 21.
Qg4+ Ng6 22. Bxg6 Rxg6 23. Qh4 Qe5 24. Re7 Qf6 25. Qh7+ Kf8 26. Re3 d4 27. Rd3
Rxg2 28. Kd2 Qf4+ 29. Ke1 Qf2+ 30. Kd1 Qxe2+ 31. Kc1 Qxc2# 0-1

[Event "Let's Play Chess!"]
[Site "http://www.queenalice.com/game.php?id=1418206"]
[Date "2016.4.14"]
[Round "-"]
[White "christine91"]
[Black "hdlp"]
[Result "1-0"]
[WhiteElo "1870"]
[BlackElo "1731"]

1. Nc3 e5 2. e4 Nf6 3. d3 d5 4. exd5 Nxd5 5. Nf3 Nc6 6. Be2 Nxc3 7. bxc3 Bc5 8.
O-O h6 9. Nxe5 Bd7 10. d4 Bd6 11. f4 Qe7 12. Nxd7 Qxd7 13. Be3 O-O-O 14. Bb5 Qf5
15. Bxc6 bxc6 16. Qf3 Kd7 17. Rac1 Ba3 18. Rcd1 Ke7 19. Qxc6 Qd7 20. Qxd7+ Rxd7
21. Rb1 a5 22. Rb7 Ra8 23. Rfb1 a4 24. c4 f5 25. Rb8 Ra6 26. Rg8 Kf6 27. Rbb8
Be7 28. d5 c5 29. Rb5 Bd6 30. Bxc5 Bxf4 31. Re8 Kf7 32. Rf8+ Kg6 33. g3 Be5 34.
Re8 Bf6 35. a3 h5 36. h4 Kf7 37. Rf8+ Kg6 38. Rfb8 Be5 39. R8b7 Rxb7 40. Rxb7
Kf6 41. Rb6+ Kf7 42. Rxa6 1-0

[Event "christine - 26"]
[Site "http://www.queenalice.com/game.php?id=1419474"]
[Date "2016.4.22"]
[Round "-"]
[White "hdlp"]
[Black "christine91"]
[Result "0-1"]
[WhiteElo "1751"]
[BlackElo "1956"]

1. e4 e5 2. Nf3 Nc6 3. d4 exd4 4. Nxd4 Nge7 5. Bg5 Nxd4 6. Qxd4 d6 7. h3 Be6 8.
Be2 h6 9. Bxe7 Bxe7 10. Qxg7 Bf6 11. Qg3 Bxb2 12. c3 Bxa1 13. Qg7 Rf8 14. Qxh6
Bxa2 15. Kd2 Bb2 16. Kc2 Bxb1+ 17. Rxb1 Ba3 18. Rxb7 Qe7 19. Bf3 Bc5 20. Qd2 a5
21. Rb1 a4 22. Re1 Qe6 23. e5 Qb3+ 24. Kd3 d5 25. Ke2 a3 26. c4 Qxc4+ 27. Qd3
Qa2+ 28. Qd2 Qxd2+ 29. Kxd2 c6 30. Ra1 Bxf2 31. Kc2 Bd4 32. Ra2 Bxe5 33. Kb3 Bd6
34. g4 Kd7 35. h4 Rfb8+ 36. Kc3 Be5+ 37. Kd3 Rb2 0-1

[Event "AUTO-OPEN-3642"]
[Site "http://www.queenalice.com/game.php?id=1419739"]
[Date "2016.4.24"]
[Round "1"]
[White "hdlp"]
[Black "hempalize"]
[Result "0-1"]
[WhiteElo "1748"]
[BlackElo "1198"]

1. e4 c5 2. Nf3 Nc6 3. d4 cxd4 4. Nxd4 Nf6 5. Nxc6 bxc6 6. Nc3 e5 7. Bg5 Be7 8.
Bc4 O-O 9. Qd3 d6 10. h3 Rb8 11. O-O-O Qb6 12. Na4 Qxf2 13. Qf3 Qxf3 14. gxf3
Be6 15. Bxe6 fxe6 16. Bxf6 Rxf6 17. Rhf1 Rbf8 18. Rd3 d5 19. exd5 exd5 20. f4
Rxf4 21. Rxf4 Rxf4 22. a3 Rxa4 23. Rb3 Kf7 24. Rb7 Ke6 25. Kb1 h5 26. Ka2 g5 27.
b3 Rxa3+ 28. Kb2 Ra5 0-1

[Event "AUTO-OPEN-3642"]
[Site "http://www.queenalice.com/game.php?id=1419740"]
[Date "2016.4.24"]
[Round "1"]
[White "hempalize"]
[Black "hdlp"]
[Result "1-0"]
[WhiteElo "1198"]
[BlackElo "1755"]

1. e4 e5 2. Nf3 Nc6 3. d4 d6 4. Nc3 Bg4 5. d5 Nd4 6. Be2 Nf6 7. Nxd4 exd4 8.
Qxd4 Bxe2 9. Nxe2 h6 10. O-O g5 11. Ng3 Be7 12. c4 b6 13. Nf5 c5 14. dxc6 Rc8
15. Re1 Rxc6 16. e5 Nd7 17. exd6 f6 18. dxe7 Qb8 19. Ng7+ Kf7 20. e8=Q+ Rxe8 21.
Qxd7+ Kf8 22. Rxe8+ Qxe8 23. Qxe8+ Kxg7 24. Qxc6 1-0

[Event "AUTO-OPEN-3642"]
[Site "http://www.queenalice.com/game.php?id=1419741"]
[Date "2016.4.24"]
[Round "1"]
[White "hdlp"]
[Black "Karjaking"]
[Result "1-0"]
[WhiteElo "1737"]
[BlackElo "1577"]

1. e4 c5 2. Bc4 e6 3. Nf3 d5 4. Bb5+ Bd7 5. Qe2 Nf6 6. exd5 Nxd5 7. Ne5 Bd6 8.
Nxd7 Nxd7 9. d3 O-O 10. Qg4 N7f6 11. Qf3 a6 12. Bc4 b5 13. Bxd5 exd5 14. Nc3
Re8+ 15. Ne2 1-0

[Event "AUTO-OPEN-3642"]
[Site "http://www.queenalice.com/game.php?id=1419742"]
[Date "2016.4.24"]
[Round "1"]
[White "Karjaking"]
[Black "hdlp"]
[Result "0-1"]
[WhiteElo "1587"]
[BlackElo "1727"]

1. e4 e5 2. c3 a6 3. d4 d6 4. Nf3 Bg4 5. Be2 Nf6 6. dxe5 Nxe4 7. O-O dxe5 8.
Nbd2 Nc5 9. Nxe5 Be6 10. Ndf3 Qxd1 11. Rxd1 h6 12. b4 Ne4 13. Bb2 Bd6 14. Bd3
Nf6 0-1

[Event "AUTO-OPEN-3642"]
[Site "http://www.queenalice.com/game.php?id=1419743"]
[Date "2016.4.24"]
[Round "1"]
[White "hdlp"]
[Black "ozarkpatzer"]
[Result "0-1"]
[WhiteElo "1755"]
[BlackElo "1690"]

1. e4 Nf6 2. Nc3 d5 3. exd5 Nxd5 4. Be2 e5 5. Nxd5 Qxd5 6. a3 Qxg2 7. Bf3 Qg6 8.
h3 Bc5 9. d3 Qb6 10. Qe2 O-O 11. b4 Bd4 12. Rb1 Be6 13. Bg4 Ba2 14. c4 Bxb1 15.
Kd1 f5 16. Bf3 e4 17. dxe4 fxe4 18. Bxe4 Rxf2 19. Qe1 Ba2 20. Bd5+ Kf8 21. c5
Bxd5 22. Be3 Bb3+ 23. Kc1 Bb2+ 24. Kb1 Qg6# 0-1

[Event "AUTO-OPEN-3642"]
[Site "http://www.queenalice.com/game.php?id=1419744"]
[Date "2016.4.24"]
[Round "1"]
[White "ozarkpatzer"]
[Black "hdlp"]
[Result "1-0"]
[WhiteElo "1923"]
[BlackElo "1757"]

1. e4 e5 2. Nf3 Nc6 3. Bc4 Bc5 4. b4 Bxb4 5. c3 Bc5 6. d4 exd4 7. O-O h6 8. cxd4
Bb4 9. Qa4 a6 10. d5 b5 11. Bxb5 Rb8 12. Bxa6 Nce7 13. Bb5 Bc5 14. Bb2 f6 15.
Nc3 c6 16. dxc6 dxc6 17. Bxc6+ Bd7 18. Bxd7+ Qxd7 19. Qxd7+ Kxd7 20. Na4 Ba7 21.
Rfd1+ Ke6 22. Ba3 Nc8 23. Rac1 Nge7 24. Rc7 Rb5 25. Bxe7 Bb8 26. Nd4+ Kf7 27.
Nxb5 Bxc7 28. Nxc7 Nxe7 29. Nc5 Rc8 30. Rd7 Kf8 31. Rd8+ Rxd8 32. N5e6+ Kg8 33.
Nxd8 Ng6 34. Nce6 Ne5 35. a4 Nc4 36. Nc6 Nb6 37. a5 Na8 38. f4 g6 39. Nc5 Kf7
40. e5 fxe5 41. fxe5 Nc7 42. a6 g5 43. e6+ Ke8 44. Kf2 h5 45. Ke3 g4 46. Ke4 h4
47. Ke5 1-0

[Event "Jogo"]
[Site "http://www.queenalice.com/game.php?id=1422471"]
[Date "2016.5.10"]
[Round "-"]
[White "hdlp"]
[Black "julianomachado"]
[Result "0-1"]
[WhiteElo "1755"]
[BlackElo "1988"]

1. e4 e5 2. Nf3 Nc6 3. d4 exd4 4. Nxd4 Nxd4 5. Qxd4 d6 6. Nc3 c5 7. Qa4+ Bd7 8.
Bb5 Nf6 9. Bg5 Be7 10. Bxf6 Bxf6 11. Rd1 Bxc3+ 12. bxc3 Bxb5 13. Qxb5+ Qd7 14.
Qxd7+ Kxd7 15. c4 Rhe8 16. f3 f5 17. Kd2 fxe4 18. fxe4 Rxe4 19. Kd3 Rae8 20. Kc3
Rg4 21. g3 Ree4 22. Rd5 Rxc4+ 23. Kb2 Rb4+ 24. Kc1 Rbd4 25. Rf5 Rde4 26. Rf3 Re8
27. h3 Rge4 28. Rf7+ R8e7 29. Rf2 Re1+ 30. Rxe1 Rxe1+ 31. Kb2 h5 32. h4 Ke7 33.
Rf3 a5 34. a4 Re4 35. Kb3 c4+ 36. Ka3 b6 37. c3 d5 38. Rf5 Re3 39. Rxd5 Rxc3+
40. Kb2 Rb3+ 41. Kc2 g6 42. g4 hxg4 43. Rg5 Kf7 44. Rxg4 Rb4 45. Kc3 Rxa4 46.
Rxc4 Rxc4+ 47. Kxc4 Kf6 48. Kb5 Kf5 0-1

[Event "Challenge"]
[Site "http://www.queenalice.com/game.php?id=1425380"]
[Date "2016.5.29"]
[Round "-"]
[White "ORNELAS"]
[Black "hdlp"]
[Result "1-0"]
[WhiteElo "1624"]
[BlackElo "1748"]

1. Nf3 d5 2. d4 Nf6 3. c3 e6 4. Bg5 Be7 5. Ne5 Bd6 6. Qa4+ c6 7. Nd2 b5 8. Qc2
Nbd7 9. Bxf6 Nxf6 10. Nxc6 Qd7 11. Ne5 Bxe5 12. dxe5 Ng4 13. Nf3 Qc7 14. b4 Nxe5
15. Nxe5 Qxe5 16. e3 Bd7 17. Bd3 g6 18. O-O Rc8 19. a3 Qg5 20. Rfe1 e5 21. e4 d4
22. c4 Bh3 23. g3 h5 24. Bf1 Bxf1 25. Rxf1 Rxc4 26. Qd3 a6 27. a4 O-O 28. axb5
axb5 29. Ra5 Rxb4 30. Rfa1 Kg7 31. h4 Qe7 32. Rxb5 Rxb5 33. Qxb5 Rc8 34. Qb6 d3
35. Qe3 Rd8 36. Ra7 1-0

[Event "Let's Play!"]
[Site "http://www.queenalice.com/game.php?id=1433129"]
[Date "2016.7.28"]
[Round "-"]
[White "hdlp"]
[Black "digger"]
[Result "0-1"]
[WhiteElo "1726"]
[BlackElo "1631"]

1. Nf3 d5 2. d4 e6 3. Ne5 Bd6 4. Bf4 Qf6 5. e3 g5 6. Bg3 h5 7. h3 Ne7 8. Be2 h4
9. Bh2 Qh6 10. Ng4 Qg6 11. Bd3 f5 12. Ne5 Bxe5 13. dxe5 Qg7 14. Nc3 Nec6 15. f4
gxf4 16. exf4 Qxg2 0-1

[Event "Let's Play!"]
[Site "http://www.queenalice.com/game.php?id=1433130"]
[Date "2016.7.28"]
[Round "-"]
[White "digger"]
[Black "hdlp"]
[Result "1-0"]
[WhiteElo "1609"]
[BlackElo "1748"]

1. e4 e5 2. d4 Nc6 3. d5 Nd4 4. Be3 Nf6 5. f3 a6 6. Bxd4 exd4 7. Qxd4 Nh5 8. g4
Nf6 9. Bc4 d6 10. Nc3 Be7 11. g5 Nh5 12. h4 Rg8 13. O-O-O Ng3 14. Rh2 g6 15. Kb1
Nh5 16. Rf2 f6 17. f4 1-0